000 04193nam a2200229 a 4500
999 _c10397
_d10397
001 10397
003 BD-JhCC
005 20221107134024.0
008 180425s19972016ii |||| |||| 000 0 ben d
020 _a9788172156466
035 _a(BD-JhCC)10397
040 _aBD-JhCC
_dBD-JhCC
041 _aben
082 _a891.4435
_bMOJ 2016
100 _aমজুমদার, সমরেশ
245 _aঅর্জুন সমগ্র /
_cসমরেশ মজুমদার
260 _aকলকাতা :
_bআনন্দ,
_c২০১৬.
300 _a৬ খন্ড :
_c১৯ সেমি.
526 _bসমরেশ মজুমদার : সমরেশ মজুমদার জন্মগ্রহন করেন বাংলা ১৩৪৮ সনের ২৬শে ফাল্গুন, ১০ই মার্চ ১৯৪২। তাঁর শৈশব কেটেছে ডুয়ার্সের চা বাগানে। তাঁর প্রাথমিক শিক্ষা শুরু হয় জলপাইগুড়ি জেলা স্কুল থেকে। তিনি বাংলায় গ্রাজুয়েশন সম্পন্ন করেন কোলকাতার স্কটিশ চার্চ কলেজ থেকে এবং মাষ্টার্স সম্পন্ন করেন কোলকাতা বিশ্ববিদ্যালয় থেকে। কর্মজীবনে তিনি আনন্দবাজার প্রকাশনার সাথে যুক্ত ছিলেন। গ্রুপ থিয়েটারের প্রতি তাঁর প্রচন্ড আসক্তি ছিলো। তাঁর প্রথম গল্প “অন্যমাত্রা” লেখাই হয়েছিলো মঞ্চনাটক হিসাবে, আর সেখান থেকেই তার লেখকজীবনের শুরু। তাঁর লেখা অন্যমাত্রা ছাপা হয়েছিলো দেশ পত্রিকায় ১৯৬৭ সালে। সমরেশ মজুমদারের প্রথম উপন্যাস “দৌড়” ছাপা হয়েছিলো দেশ পত্রিকায় ১৯৭৬ সালে। তিনি শুধু তাঁর লেখনী গল্প বা উপন্যাসের মধ্যে সীমাবদ্ধ রাখেননি ছোটগল্প, ভ্রমণকাহিনী থেকে কিশোর উপন্যাস লেখনীতে তাঁর জুড়ি মেলা ভার। সমরেশ মজুমদারের উল্লেখযোগ্য উপন্যাস গুলির মধ্যে সাতকাহন, তেরো পার্বণ, স্বপ্নের বাজার, উজান গঙ্গা, ভিক্টোরিয়ার বাগান, আট কুঠুরি নয় দরজা, অনুরাগ ইত্যাদি উল্লেখযোগ্য। অনেক অসাধারণ লেখনীর শব্দের এই রূপকার জাতীয় এবং আন্তর্জাতিক অনেক পুরস্কার অর্জন করেছেন। ১৯৮২ সালে আনন্দ পুরষ্কার, ১৯৮৪ সালে সত্য আকাদেমী পুরষ্কার, বঙ্কিম পুরস্কার এবং আইয়াইএমএস পুরস্কার জয় করেছেন। স্ক্রীপ্ট লেখক হিসাবে জয় করেছেন বিএফজেএ, দিশারী এবং চলচিত্র প্রসার সমিতির এওয়ার্ড। সমরেশ কলকাতা, তথা বাংলার সর্বকালের অন্যতম সেরা লেখক হিসাবে পাঠকমন জয় করেছেন।
650 _aDetective Story
942 _2ddc
_cBK
_079